000 00796nam a2200253Ia 4500
003 OSt
005 20221005030422.0
006 a|||||r|||| 00| 0
007 ta
008 221004b |||||||| |||| 00| 0 eng d
020 _a9780521716871 (pbk)
_c1397.47
024 _a104682
037 _b31574, 15/03/2011, Segment Book Distributors
_cTextual
040 _aCRL
_cCRL
_beng
041 _2eng
_aeng
082 _aV3,3wI78, Q1
100 _aLogan George M. Ed.
_9482071
245 0 _aCambridge Companion to Thomas More
260 _aCambridge
_bCambridge University Press UK
_c2011
300 _axxiii,301p.
_ccm.
650 _aHISTORY
942 _hV3,3wI78, Q1
_cTEXL
_2cc
999 _c936173
_d936173